Candidats républicains aux élections présidentielles USA - Statistiques

Statistiques générales
  • Ce quiz a été pris 622 fois
  • Le résultat moyen est 12 sur 20
Statistiques - réponses
Année Candidat Résultat % Correct
2020 Donald Trump ???
100%
2016 Donald Trump Elu
100%
1992 George H. W. Bush Vaincu
89%
1988 George H. W. Bush Elu
89%
2004 George W. Bush Elu
89%
2000 George W. Bush Elu
89%
1984 Ronald Reagan Elu
80%
1980 Ronald Reagan Elu
80%
1972 Richard Nixon Elu
73%
1968 Richard Nixon Elu
73%
1960 Richard Nixon Vaincu
73%
1956 Dwight Eisenhower Elu
58%
1952 Dwight Eisenhower Elu
58%
1976 Gerald Ford Vaincu
47%
2008 John McCain Vaincu
45%
2012 Mitt Romney Vaincu
36%
1996 Bob Dole Vaincu
18%
1964 Barry Goldwater Vaincu
14%
1948 Thomas Dewey Vaincu
12%
1944 Thomas Dewey Vaincu
12%
Aucun quiz correspondant
Distribution des résultats
% des personnes avec chaque résultat
Percentile par nombre de réponses
Votre historique - résultats
Vous n’avez pas pris ce quiz